[Event "SRB-chT Premier"]
[Site "Ruma"]
[Date "2020.09.26"]
[Round "2.3"]
[White "Popovic, Dusan"]
[Black "Matovic, Mihajlo Z"]
[Result "1-0"]
[WhiteElo "2500"]
[BlackElo "2218"]
[PlyCount "99"]
[EventDate "2020.09.25"]
[EventType "team-tourn"]
[EventRounds "11"]
[EventCountry "SRB"]
[SourceTitle "CBM 198 Extra"]
[Source "ChessBase"]
[SourceDate "2020.11.30"]
[SourceVersion "1"]
[SourceVersionDate "2020.11.30"]
[SourceQuality "1"]
[WhiteTeam "Subotica Spartak"]
[BlackTeam "Belgrade Partizan"]
[WhiteTeamCountry "SRB"]
[BlackTeamCountry "SRB"]

1. e4 c5 2. Nf3 d6 3. Bb5+ Nd7 4. 0-0 a6 5. Bd3 Ngf6 6. Re1 e5 7. c3 b5 8. Bc2 Bb7 9. d4 Be7 10. d5 c4 11. b3 cxb3 12. axb3 0-0 13. Nbd2 Qc7 14. Bb2 Rfc8 15. Bd3 Nc5 16. Bf1 Bf8 17. Ba3 Qb6 18. Qe2 g6 19. Ra2 Bh6 20. Rc2 Nfd7 21. b4 Na4 22. c4 Rc7 23. g3 Rf8 24. Bh3 f5 25. exf5 Bxd5 26. fxg6 bxc4 27. Nh4 Nf6 28. Nxc4 Bxc4 29. Rxc4 Nc3 30. gxh7+ Kh8 31. Ng6+ Kg7 32. Rxc7+ Qxc7 33. Qc2 Ne2+ 34. Qxe2 Kxg6 35. Qxa6 Qc3 36. Rf1 Kxh7 37. Bf5+ Kh8 38. Qd3 Qxd3 39. Bxd3 e4 40. Ba6 e3 41. fxe3 Bxe3+ 42. Kg2 d5 43. b5 Rf7 44. Bb2 Kg7 45. Be5 Bb6 46. Bc8 d4 47. Be6 Rf8 48. Bc4 Bc5 49. g4 Kg6 50. Bd3+ 1-0

[Event "SRB-chT Premier"]
[Site "Ruma"]
[Date "2020.09.25"]
[Round "1.5"]
[White "Matovic, Mihajlo Z"]
[Black "Kovacevic, Aleksandar"]
[Result "0-1"]
[WhiteElo "2218"]
[BlackElo "2474"]
[PlyCount "64"]
[EventDate "2020.09.25"]
[EventType "team-tourn"]
[EventRounds "11"]
[EventCountry "SRB"]
[SourceTitle "CBM 198 Extra"]
[Source "ChessBase"]
[SourceDate "2020.11.30"]
[SourceVersion "1"]
[SourceVersionDate "2020.11.30"]
[SourceQuality "1"]
[WhiteTeam "Belgrade Partizan"]
[BlackTeam "Novi Sad SK"]
[WhiteTeamCountry "SRB"]
[BlackTeamCountry "SRB"]

1. e4 e6 2. d4 d5 3. e5 c5 4. c3 Nc6 5. Nf3 Bd7 6. a3 Nge7 7. Bd3 cxd4 8. cxd4 Qb6 9. Bc2 Nf5 10. Bxf5 exf5 11. Nc3 Be6 12. 0-0 Be7 13. b4 Rc8 14. Bb2 0-0 15. Rc1 Qd8 16. Qb3 Qd7 17. Rc2 h6 18. Na4 b6 19. Bc3 f4 20. b5 Nd8 21. Nb2 Bf5 22. Rcc1 Ne6 23. a4 Bg4 24. Nd2 f3 25. Nd3 fxg2 26. Rfe1 Bg5 27. Qb2 Bf5 28. Nb4 Nf4 29. Re3 Nh3+ 30. Kxg2 Bxe3 31. fxe3 Bg4 32. Kg3 h5 0-1

[Event "Belgrade-chT Quality"]
[Site "Belgrade"]
[Date "2018.09.26"]
[Round "9.2"]
[White "Klasan, Vladimir"]
[Black "Matovic, Mihajlo Z"]
[Result "1/2-1/2"]
[WhiteElo "2368"]
[BlackElo "2202"]
[PlyCount "43"]
[EventDate "2018.09.17"]
[EventType "team-tourn"]
[EventRounds "11"]
[EventCountry "SRB"]
[SourceTitle "CBM 186 Extra"]
[Source "ChessBase"]
[SourceDate "2018.08.24"]
[SourceVersion "1"]
[SourceVersionDate "2018.08.24"]
[SourceQuality "1"]
[WhiteTeam "Rudovci Radnicki"]
[BlackTeam "Partizan"]
[WhiteTeamCountry "SRB"]
[BlackTeamCountry "SRB"]

1. e4 c5 2. Nc3 d6 3. Nf3 Nf6 4. d4 cxd4 5. Nxd4 a6 6. Qf3 Nbd7 7. h3 h5 8. Bg5 e6 9. 0-0-0 Qa5 10. Qe3 b5 11. a3 Bb7 12. Nb3 Qc7 13. f4 Rc8 14. Bd3 Be7 15. Kb1 Nc5 16. e5 dxe5 17. fxe5 Nd5 18. Nxd5 Bxd5 19. Bxe7 Nxd3 20. Qxd3 Kxe7 21. Nd4 Qc4 22. Qxc4 1/2-1/2

[Event "Belgrade-chT Quality"]
[Site "Belgrade"]
[Date "2018.09.24"]
[Round "7.2"]
[White "Todic, Zoran"]
[Black "Matovic, Mihajlo Z"]
[Result "1/2-1/2"]
[WhiteElo "2205"]
[BlackElo "2202"]
[PlyCount "78"]
[EventDate "2018.09.17"]
[EventType "team-tourn"]
[EventRounds "11"]
[EventCountry "SRB"]
[SourceTitle "CBM 186 Extra"]
[Source "ChessBase"]
[SourceDate "2018.08.24"]
[SourceVersion "1"]
[SourceVersionDate "2018.08.24"]
[SourceQuality "1"]
[WhiteTeam "Bogoslov"]
[BlackTeam "Partizan"]
[WhiteTeamCountry "SRB"]
[BlackTeamCountry "SRB"]

1. e4 c5 2. c3 d5 3. exd5 Qxd5 4. d4 Nc6 5. Nf3 Bf5 6. dxc5 Qxd1+ 7. Kxd1 e5 8. Be3 0-0-0+ 9. Kc1 Nf6 10. Bc4 Nd5 11. Bxd5 Rxd5 12. Rd1 Rxd1+ 13. Kxd1 Bg4 14. h3 Bxf3+ 15. gxf3 a5 16. a3 a4 17. Nd2 f5 18. Nc4 f4 19. Nb6+ Kc7 20. Bd2 Bxc5 21. Nxa4 Bxf2 22. Ke2 b5 23. b4 Bb6 24. Nb2 g5 25. a4 bxa4 26. b5 Na5 27. Rxa4 Rd8 28. Nc4 Nb3 29. Ra3 Nc5 30. Be1 e4 31. fxe4 Re8 32. e5 Nd7 33. Bf2 Bxf2 34. Kxf2 Nxe5 35. Nb2 Rd8 36. Ke2 f3+ 37. Ke3 Re8 38. Kf2 Rd8 39. Ke3 Re8 1/2-1/2

[Event "Paracin Summer op-A 11th"]
[Site "Paracin"]
[Date "2018.07.13"]
[Round "9"]
[White "Kathmale, Sameer"]
[Black "Matovic, Mihajlo Z"]
[Result "1-0"]
[WhiteElo "2323"]
[BlackElo "2256"]
[PlyCount "99"]
[EventDate "2018.07.06"]
[EventType "swiss"]
[EventRounds "9"]
[EventCountry "SRB"]
[SourceTitle "CBM 185 Extra"]
[Source "ChessBase"]
[SourceDate "2018.07.29"]
[SourceVersion "1"]
[SourceVersionDate "2018.07.29"]
[SourceQuality "1"]

1. e4 c5 2. Nf3 d6 3. d4 Nf6 4. Nc3 cxd4 5. Nxd4 a6 6. h3 e5 7. Nb3 h5 8. Bg5 Nbd7 9. Qe2 Be7 10. f4 b5 11. a3 Bb7 12. 0-0-0 Qc7 13. Kb1 Rc8 14. Rh2 Qb8 15. Nd5 Nxd5 16. exd5 Bxg5 17. fxg5 Nb6 18. g4 Nxd5 19. gxh5 Nf4 20. Qg4 Rxh5 21. Na5 Rd8 22. Rhd2 Be4 23. Re1 Qa8 24. Rf2 Rh8 25. Rxf4 exf4 26. Qxf4 d5 27. g6 fxg6 28. Bd3 Rf8 29. Qe5+ Kf7 30. Qc7+ Kg8 31. Nc6 Rde8 32. Ne7+ Kh7 33. Nxg6 Rf6 34. Ne5 Rfe6 35. Nf7 R6e7 36. Qf4 Qc6 37. Bxe4+ dxe4 38. Nd6 e3 39. Nxe8 Qxe8 40. Re2 Re4 41. Qf5+ Qg6 42. Qxg6+ Kxg6 43. Kc1 Kf5 44. Kd1 Kf4 45. Rg2 g5 46. Ke2 Kf5 47. Rg3 b4 48. Rf3+ Rf4 49. Kxe3 bxa3 50. bxa3 1-0

[Event "Paracin Summer op-A 11th"]
[Site "Paracin"]
[Date "2018.07.11"]
[Round "7"]
[White "Toncheva, Nadya"]
[Black "Matovic, Mihajlo Z"]
[Result "1/2-1/2"]
[WhiteElo "1975"]
[BlackElo "2256"]
[PlyCount "62"]
[EventDate "2018.07.06"]
[EventType "swiss"]
[EventRounds "9"]
[EventCountry "SRB"]
[SourceTitle "EXT 2019"]
[Source "ChessBase"]
[SourceDate "2018.10.10"]
[SourceVersion "1"]
[SourceVersionDate "2018.10.10"]
[SourceQuality "1"]

1. d4 Nf6 2. c4 e6 3. Nc3 Bb4 4. e3 0-0 5. Bd3 d5 6. Nge2 c5 7. cxd5 exd5 8. a3 cxd4 9. axb4 dxc3 10. bxc3 Nc6 11. 0-0 Re8 12. Bc2 Bg4 13. f3 Bh5 14. Nf4 Bg6 15. Bb3 Ne7 16. g4 Qc7 17. Bb2 Rad8 18. Re1 h5 19. gxh5 Nxh5 20. Nxg6 Nxg6 21. Rxa7 Re5 22. Kh1 Qe7 23. Qd2 Qh4 24. Rg1 Rde8 25. Bxd5 Rxe3 26. Be4 R8xe4 27. fxe4 Ng3+ 28. Rxg3 Rxg3 29. Qe1 Rg1+ 30. Qxg1 Qxe4+ 31. Qg2 Qe1+ 1/2-1/2

[Event "Paracin Summer op-A 11th"]
[Site "Paracin"]
[Date "2018.07.10"]
[Round "6"]
[White "Matovic, Mihajlo Z"]
[Black "Bojicic, Andjela"]
[Result "1/2-1/2"]
[WhiteElo "2256"]
[BlackElo "2028"]
[PlyCount "54"]
[EventDate "2018.07.06"]
[EventType "swiss"]
[EventRounds "9"]
[EventCountry "SRB"]
[SourceTitle "EXT 2019"]
[Source "ChessBase"]
[SourceDate "2018.10.10"]
[SourceVersion "1"]
[SourceVersionDate "2018.10.10"]
[SourceQuality "1"]

1. Nf3 Nf6 2. g3 g6 3. b3 Bg7 4. Bb2 0-0 5. Bg2 d6 6. d4 c5 7. c4 Nc6 8. 0-0 a6 9. Nc3 cxd4 10. Nxd4 Bd7 11. e3 Rb8 12. Rc1 Nxd4 13. exd4 Bg4 14. Qd2 Qd7 15. Nd5 Nxd5 16. Bxd5 b5 17. Bg2 Rfc8 18. cxb5 axb5 19. d5 Bxb2 20. Qxb2 Qa7 21. h3 Bd7 22. Rce1 Bf5 23. Rc1 Rxc1 24. Rxc1 Rc8 25. Rxc8+ Bxc8 26. Qe2 b4 27. Qb5 Qb7 1/2-1/2

[Event "Paracin Summer op-A 11th"]
[Site "Paracin"]
[Date "2018.07.09"]
[Round "4"]
[White "Matovic, Mihajlo Z"]
[Black "Altun, Arda"]
[Result "1-0"]
[WhiteElo "2256"]
[BlackElo "1955"]
[PlyCount "107"]
[EventDate "2018.07.06"]
[EventType "swiss"]
[EventRounds "9"]
[EventCountry "SRB"]
[SourceTitle "CBM 185 Extra"]
[Source "ChessBase"]
[SourceDate "2018.07.29"]
[SourceVersion "1"]
[SourceVersionDate "2018.07.29"]
[SourceQuality "1"]

1. Nf3 d5 2. g3 Nf6 3. Bg2 c5 4. 0-0 Nc6 5. d3 e6 6. Nbd2 Be7 7. e4 b6 8. Re1 Bb7 9. exd5 exd5 10. Nf1 0-0 11. h3 Qd7 12. g4 d4 13. Ng3 Nd5 14. Nf5 Bf6 15. Ng5 g6 16. Ng3 Rae8 17. N5e4 Bg7 18. Bd2 f5 19. gxf5 gxf5 20. Ng5 h6 21. Nf3 f4 22. Rxe8 Rxe8 23. Ne4 Qe7 24. a3 Ne5 25. Nxe5 Qxe5 26. Qf3 Rf8 27. Re1 Ne3 28. Nf6+ Qxf6 29. Qxb7 Qg6 30. Qe4 Rf5 31. Kh1 Nxg2 32. Qxg2 Qf6 33. Qf3 Kh7 34. Re4 Qc6 35. Kg2 Qg6+ 36. Kf1 Be5 37. Qg4 Qf6 38. Qf3 a6 39. Ke2 b5 40. b3 h5 41. Kf1 Kh8 42. Kg2 Kg7 43. Re1 Rg5+ 44. Kh2 Kh6 45. Kh1 Kh7 46. Kh2 Qf5 47. Re4 Rg4 48. Rxe5 Qxe5 49. hxg4 hxg4 50. Qxf4 Qe2 51. Qe4+ Qxe4 52. dxe4 c4 53. bxc4 bxc4 54. Kg3 1-0

[Event "Paracin Summer op-A 11th"]
[Site "Paracin"]
[Date "2018.07.07"]
[Round "3"]
[White "Abramovic, Bosko"]
[Black "Matovic, Mihajlo Z"]
[Result "1-0"]
[WhiteElo "2409"]
[BlackElo "2256"]
[PlyCount "68"]
[EventDate "2018.07.06"]
[EventType "swiss"]
[EventRounds "9"]
[EventCountry "SRB"]
[SourceTitle "CBM 185 Extra"]
[Source "ChessBase"]
[SourceDate "2018.07.29"]
[SourceVersion "1"]
[SourceVersionDate "2018.07.29"]
[SourceQuality "1"]

1. d4 Nf6 2. g3 d5 3. Bg2 e6 4. Nf3 Be7 5. 0-0 0-0 6. c4 Nbd7 7. Qc2 c6 8. Nbd2 b6 9. e4 Bb7 10. b3 Rc8 11. Bb2 c5 12. exd5 exd5 13. dxc5 Nxc5 14. Rad1 Qe8 15. Ng5 Ncd7 16. Rfe1 h6 17. Nh3 Qd8 18. Nf4 Rc7 19. Qf5 dxc4 20. Bxb7 c3 21. Bxc3 Rxb7 22. Ne4 Qc8 23. Re3 Nxe4 24. Qxe4 Nc5 25. Qf3 Bg5 26. Bb4 Rd7 27. Rxd7 Qxd7 28. Bxc5 bxc5 29. Rd3 Qf5 30. Nd5 Qe5 31. h4 Bd8 32. Kg2 Qa1 33. Qe2 Ba5 34. Rd1 Bd8 1-0

[Event "Paracin Summer op-A 11th"]
[Site "Paracin"]
[Date "2018.07.07"]
[Round "2"]
[White "Matovic, Mihajlo Z"]
[Black "Farkas, Sandor I"]
[Result "1-0"]
[WhiteElo "2256"]
[BlackElo "1998"]
[PlyCount "61"]
[EventDate "2018.07.06"]
[EventType "swiss"]
[EventRounds "9"]
[EventCountry "SRB"]
[SourceTitle "CBM 185 Extra"]
[Source "ChessBase"]
[SourceDate "2018.07.29"]
[SourceVersion "1"]
[SourceVersionDate "2018.07.29"]
[SourceQuality "1"]

1. Nf3 Nf6 2. g3 g6 3. b3 Bg7 4. Bb2 0-0 5. Bg2 c5 6. c4 Nc6 7. 0-0 d5 8. cxd5 Nxd5 9. Bxg7 Kxg7 10. Qc1 Qd6 11. Nc3 b6 12. Nxd5 Qxd5 13. d4 Bb7 14. dxc5 Qxc5 15. Qxc5 bxc5 16. Rfc1 Nd4 17. Nxd4 Bxg2 18. Rxc5 Bh3 19. f3 Rfd8 20. Nc6 Rd2 21. Kf2 h5 22. Ke3 Rd6 23. Rac1 Bd7 24. Ne5 Re6 25. Kf2 Rd8 26. Rd5 Rc8 27. Rxc8 Bxc8 28. Rc5 Bb7 29. Nc4 Rc6 30. Rxc6 Bxc6 31. e4 1-0

[Event "SRB-ch U20"]
[Site "Belgrade"]
[Date "2018.06.30"]
[Round "7"]
[White "Matovic, Mihajlo Z"]
[Black "Budisavljevic, Luka"]
[Result "1/2-1/2"]
[WhiteElo "2257"]
[BlackElo "2324"]
[PlyCount "118"]
[EventDate "2018.06.25"]
[EventType "tourn"]
[EventRounds "7"]
[EventCountry "SRB"]
[SourceTitle "EXT 2019"]
[Source "ChessBase"]
[SourceDate "2018.10.10"]
[SourceVersion "1"]
[SourceVersionDate "2018.10.10"]
[SourceQuality "1"]

1. Nf3 Nf6 2. g3 b6 3. Bg2 Bb7 4. 0-0 e6 5. c4 Be7 6. Nc3 0-0 7. Re1 c5 8. e4 Nc6 9. e5 Ne8 10. d4 cxd4 11. Nxd4 Qc8 12. b3 f6 13. Nxc6 Bxc6 14. exf6 Nxf6 15. Bf4 Bxg2 16. Kxg2 Qc6+ 17. Kg1 Bb4 18. Be5 Bc5 19. Bxf6 Rxf6 20. Ne4 Rh6 21. Nxc5 bxc5 22. Qe2 Rf8 23. Rad1 Rhf6 24. f4 Rb8 25. Qe4 Qxe4 26. Rxe4 Rb7 27. Re5 Rc7 28. Rd6 Kf7 29. Re2 Ke7 30. Red2 Rf5 31. Kg2 g5 32. fxg5 Rxg5 33. R6d3 Rf5 34. g4 Rf7 35. Rf3 Rxf3 36. Kxf3 Rc8 37. Kf4 h6 38. Kg3 Rd8 39. Kh4 d5 40. cxd5 exd5 41. Kh5 Rd6 42. h4 d4 43. g5 hxg5 44. Kxg5 Kf7 45. Kf5 Rd5+ 46. Ke4 Ke6 47. Kd3 Kd6 48. Kc4 Kc6 49. b4 Rh5 50. bxc5 Rxh4 51. Rxd4 Rh2 52. Rd6+ Kc7 53. Ra6 Kb7 54. Ra3 Rc2+ 55. Kb4 Rb2+ 56. Kc3 Rh2 57. Ra4 Rh3+ 58. Kd2 Rh5 59. c6+ Kxc6 1/2-1/2

[Event "SRB-ch U20"]
[Site "Belgrade"]
[Date "2018.06.27"]
[Round "4"]
[White "Matovic, Mihajlo Z"]
[Black "Djokic, Mihailo"]
[Result "1/2-1/2"]
[WhiteElo "2257"]
[BlackElo "2009"]
[PlyCount "64"]
[EventDate "2018.06.25"]
[EventType "tourn"]
[EventRounds "7"]
[EventCountry "SRB"]
[SourceTitle "EXT 2019"]
[Source "ChessBase"]
[SourceDate "2018.10.10"]
[SourceVersion "1"]
[SourceVersionDate "2018.10.10"]
[SourceQuality "1"]

1. Nf3 Nf6 2. c4 g6 3. Nc3 Bg7 4. e4 d6 5. d4 0-0 6. h3 e5 7. d5 Nh5 8. g3 Qe8 9. Be2 f5 10. exf5 gxf5 11. Nh4 Nf6 12. Qc2 Na6 13. Bg5 e4 14. 0-0-0 Nd7 15. g4 Ndc5 16. a3 f4 17. Nf5 Bxf5 18. gxf5 Rxf5 19. Rdg1 Kh8 20. h4 Qe5 21. Bg4 Rff8 22. f3 h6 23. fxe4 Qd4 24. Bf5 Qxc4 25. Bxh6 Bxh6 26. Rg6 Kh7 27. Qg2 Nb3+ 28. Kb1 Rxf5 29. exf5 Qd3+ 30. Ka2 Qxf5 31. Rg1 Nc1+ 32. Ka1 Nb3+ 1/2-1/2

[Event "BIH-chT 16th"]
[Site "Sarajevo"]
[Date "2017.08.25"]
[Round "2.2"]
[White "Matovic, Mihajlo Z"]
[Black "Saric, Ibro"]
[Result "0-1"]
[WhiteElo "2248"]
[BlackElo "2553"]
[PlyCount "118"]
[EventDate "2017.08.24"]
[EventType "team-tourn"]
[EventRounds "9"]
[EventCountry "BIH"]
[SourceTitle "CBM 180 Extra"]
[Source "ChessBase"]
[SourceDate "2017.10.06"]
[SourceVersion "1"]
[SourceVersionDate "2017.10.06"]
[SourceQuality "1"]
[WhiteTeam "Zenica Celik"]
[BlackTeam "Pazaric Bjelasnica"]
[WhiteTeamCountry "BIH"]
[BlackTeamCountry "BIH"]

1. Nf3 Nf6 2. g3 d5 3. Bg2 c6 4. 0-0 Bg4 5. d4 Nbd7 6. Nbd2 e6 7. c4 Bd6 8. b3 0-0 9. Bb2 a5 10. a4 h6 11. Ne1 Qe7 12. Nd3 Rfd8 13. cxd5 exd5 14. Nf3 Ne4 15. Nfe5 Bf5 16. Nxd7 Qxd7 17. e3 Bh3 18. f3 Bxg2 19. Kxg2 Ng5 20. Nf2 Re8 21. Qd3 f5 22. Rae1 Qf7 23. Bc1 Qg6 24. f4 Ne4 25. Nxe4 Rxe4 26. Bd2 Qe6 27. Kh1 Bb4 28. Rf2 Re8 29. Bxb4 axb4 30. Rfe2 c5 31. dxc5 d4 32. Kg1 dxe3 33. Rd1 g5 34. fxg5 hxg5 35. Qd5 Re5 36. Qxb7 Qxb3 37. Rd7 Rxc5 38. Rg7+ Kf8 39. Re1 e2 40. Rh7 Qe3+ 41. Kg2 Qe4+ 42. Qxe4 Rxe4 43. Kf2 Rce5 44. Rb7 Ke8 45. a5 Rxa5 46. Rxe2 Rxe2+ 47. Kxe2 Ra2+ 48. Ke3 Rb2 49. h4 f4+ 50. gxf4 gxh4 51. Rh7 h3 52. Kd4 h2 53. f5 Rc2 54. f6 b3 55. f7+ Ke7 56. Ke3 Rg2 57. Rh8 Kxf7 58. Rh7+ Kg8 59. Rh4 b2 0-1

[Event "Vojvodina op 8th"]
[Site "Novi Sad"]
[Date "2017.07.21"]
[Round "6"]
[White "Juhasz, Bencze"]
[Black "Matovic, Mihajlo Z"]
[Result "1/2-1/2"]
[WhiteElo "2158"]
[BlackElo "2266"]
[PlyCount "40"]
[EventDate "2017.07.16"]
[EventType "swiss"]
[EventRounds "9"]
[EventCountry "SRB"]
[SourceTitle "EXT 2018"]
[Source "ChessBase"]
[SourceDate "2017.10.13"]
[SourceVersion "1"]
[SourceVersionDate "2017.10.13"]
[SourceQuality "1"]

1. e4 c5 2. Nf3 d6 3. d4 Nf6 4. Nc3 cxd4 5. Nxd4 a6 6. Bg5 e6 7. f4 Be7 8. Qf3 Qc7 9. 0-0-0 Nbd7 10. Bd3 h6 11. Bh4 g5 12. e5 gxh4 13. exf6 Nxf6 14. f5 e5 15. Nde2 Bd7 16. Be4 0-0-0 17. Rd3 Kb8 18. Nd5 Nxd5 19. Bxd5 Bg5+ 20. Kb1 Bc6 1/2-1/2

[Event "Paracin Summer op-A 10th"]
[Site "Paracin"]
[Date "2017.07.13"]
[Round "8.28"]
[White "Matovic, Mihajlo Z"]
[Black "Tica, Sven"]
[Result "1-0"]
[WhiteElo "2266"]
[BlackElo "2333"]
[PlyCount "85"]
[EventDate "2017.07.07"]
[EventType "swiss"]
[EventRounds "9"]
[EventCountry "SRB"]
[SourceTitle "EXT 2018"]
[Source "ChessBase"]
[SourceDate "2017.10.13"]
[SourceVersion "1"]
[SourceVersionDate "2017.10.13"]
[SourceQuality "1"]

1. Nf3 d5 2. c4 e6 3. g3 Nf6 4. Bg2 Be7 5. 0-0 0-0 6. d4 c6 7. Qc2 b6 8. Rd1 Bb7 9. Nc3 Nbd7 10. b3 Rc8 11. e4 dxe4 12. Nxe4 c5 13. Nxf6+ Bxf6 14. Ng5 Bxg5 15. Bxb7 Rc7 16. dxc5 Bf6 17. Bb2 Bxb2 18. Qxb2 Rxb7 19. c6 Rc7 20. cxd7 Rxd7 21. Qe2 g6 22. Rxd7 Qxd7 23. Rd1 Qc7 24. Qd2 Re8 25. Qd7 Re7 26. Qd8+ Kg7 27. Qd4+ e5 28. Qd5 f5 29. b4 Qb7 30. Qd6 Qc7 31. Qd5 Qb7 32. c5 Qxd5 33. Rxd5 bxc5 34. Rxc5 e4 35. Kf1 Kf6 36. Ke2 Rd7 37. h4 Ke6 38. a4 a6 39. Rc6+ Rd6 40. Rxd6+ Kxd6 41. Ke3 Kd5 42. Kf4 Kc4 43. Kg5 1-0

[Event "Paracin Summer op-A 10th"]
[Site "Paracin"]
[Date "2017.07.12"]
[Round "7.27"]
[White "Franklin, Samuel Gideon"]
[Black "Matovic, Mihajlo Z"]
[Result "1/2-1/2"]
[WhiteElo "2312"]
[BlackElo "2266"]
[PlyCount "51"]
[EventDate "2017.07.07"]
[EventType "swiss"]
[EventRounds "9"]
[EventCountry "SRB"]
[SourceTitle "EXT 2018"]
[Source "ChessBase"]
[SourceDate "2017.10.13"]
[SourceVersion "1"]
[SourceVersionDate "2017.10.13"]
[SourceQuality "1"]

1. e4 c5 2. Nf3 d6 3. d4 Nf6 4. Nc3 cxd4 5. Nxd4 a6 6. f3 e5 7. Nb3 Be6 8. Be3 h5 9. Qd2 Nbd7 10. a4 Be7 11. Be2 Rc8 12. a5 Qc7 13. 0-0 0-0 14. Rac1 Rfe8 15. Nd5 Nxd5 16. exd5 Bf5 17. c4 Nf6 18. Rfd1 e4 19. f4 Bg4 20. h3 Bxe2 21. Qxe2 h4 22. Rc3 Nd7 23. Qg4 Nf6 24. Qe2 Nd7 25. Qg4 Nf6 26. Qe2 1/2-1/2

[Event "Veliko Gradiste Silver Lake op-A"]
[Site "Veliko Gradiste"]
[Date "2017.06.24"]
[Round "8"]
[White "Ivic, Velimir"]
[Black "Matovic, Mihajlo Z"]
[Result "1-0"]
[WhiteElo "2370"]
[BlackElo "2277"]
[PlyCount "68"]
[EventDate "2017.06.18"]
[EventType "swiss"]
[EventRounds "9"]
[EventCountry "SRB"]
[SourceTitle "CBM 179 Extra"]
[Source "ChessBase"]
[SourceDate "2017.08.23"]
[SourceVersion "1"]
[SourceVersionDate "2017.08.23"]
[SourceQuality "1"]

1. e4 c5 2. Nf3 d6 3. d4 Nf6 4. Nc3 cxd4 5. Nxd4 a6 6. Bc4 e6 7. Bb3 Nbd7 8. f4 Nc5 9. 0-0 Be7 10. e5 dxe5 11. fxe5 Nfd7 12. Qe2 0-0 13. Bf4 Qc7 14. Rf3 b5 15. Rh3 Rd8 16. Nf5 Nf8 17. Nxe7+ Qxe7 18. Rf1 Bb7 19. Qe3 Qc7 20. Bg5 Qc6 21. Rg3 Rdc8 22. Be7 Ng6 23. Qf2 Nxe5 24. Qf6 Ng6 25. Qxf7+ Kh8 26. Rxg6 hxg6 27. Rf3 Qxf3 28. gxf3 Nxb3 29. axb3 Bc6 30. Bd6 Be8 31. Qf8+ Kh7 32. Ne4 Bc6 33. Ng5+ Kh6 34. Qf4 Rd8 1-0

[Event "Veliko Gradiste Silver Lake op-A"]
[Site "Veliko Gradiste"]
[Date "2017.06.19"]
[Round "3"]
[White "Matovic, Mihajlo Z"]
[Black "Mitev, Valentin"]
[Result "0-1"]
[WhiteElo "2277"]
[BlackElo "2049"]
[PlyCount "69"]
[EventDate "2017.06.18"]
[EventType "swiss"]
[EventRounds "9"]
[EventCountry "SRB"]
[SourceTitle "CBM 179 Extra"]
[Source "ChessBase"]
[SourceDate "2017.08.23"]
[SourceVersion "1"]
[SourceVersionDate "2017.08.23"]
[SourceQuality "1"]

1. Nf3 Nf6 2. g3 d5 3. Bg2 c6 4. 0-0 Bg4 5. d3 e6 6. Nbd2 Be7 7. h3 Bh5 8. b3 a5 9. a3 0-0 10. Bb2 Nfd7 11. e4 Bf6 12. c3 Nc5 13. e5 Be7 14. Qe2 Qb6 15. b4 Na4 16. Rab1 axb4 17. axb4 Nxb2 18. Rxb2 Nd7 19. Nb3 Ra3 20. Ra1 Rfa8 21. Rxa3 Rxa3 22. d4 Qa7 23. b5 Nb6 24. bxc6 bxc6 25. Nc5 Bxc5 26. dxc5 Nc4 27. Rb4 Rxc3 28. g4 Bg6 29. Nd4 h6 30. Nxc6 Qxc5 31. Rb8+ Kh7 32. Rc8 Nb6 33. Rc7 Rc2 34. Qf3 Qb5 35. Ne7 0-1

[Event "Veliko Gradiste Silver Lake op-A"]
[Site "Veliko Gradiste"]
[Date "2017.06.19"]
[Round "2"]
[White "Sari, Yasin"]
[Black "Matovic, Mihajlo Z"]
[Result "1-0"]
[WhiteElo "2161"]
[BlackElo "2277"]
[PlyCount "55"]
[EventDate "2017.06.18"]
[EventType "swiss"]
[EventRounds "9"]
[EventCountry "SRB"]
[SourceTitle "EXT 2018"]
[Source "ChessBase"]
[SourceDate "2017.10.13"]
[SourceVersion "1"]
[SourceVersionDate "2017.10.13"]
[SourceQuality "1"]

1. d4 Nf6 2. c4 e6 3. Nf3 b6 4. Nc3 Bb4 5. e3 Bb7 6. Bd3 0-0 7. 0-0 d6 8. Ne2 d5 9. cxd5 exd5 10. Ng3 Re8 11. Ne5 Nbd7 12. f4 Nf8 13. Nf5 Bd6 14. Bd2 Ng6 15. Rf3 Ne4 16. Rh3 Bxe5 17. fxe5 Bc8 18. Bxe4 dxe4 19. Qh5 Bxf5 20. Qxf5 Qd5 21. Rg3 f6 22. h4 fxe5 23. h5 Nf8 24. Rf1 Qe6 25. Qxe4 exd4 26. Qxd4 Qe5 27. Qg4 Qxb2 28. e4 1-0